Dr. Rajendra Prasad / (Record no. 59985)

MARC details
000 -LEADER
fixed length control field 01042nam a22002777a 4500
005 - DATE AND TIME OF LATEST TRANSACTION
control field 20131029110943.0
010 ## - LCCN (DPL NO)
LC control number ENG-104514
020 ## - INTERNATIONAL STANDARD BOOK NUMBER
International Standard Book Number 9789350248300
Terms of availability 650.00
035 ## - SYSTEM CONTROL NUMBER
System control number EN-88047
035 ## - SYSTEM CONTROL NUMBER
System control number B-519618-624
035 ## - SYSTEM CONTROL NUMBER
System control number B-495455-458
037 ## - SOURCE OF ACQUISITION
Source of stock number/acquisition Mallika Books/Ven
037 ## - SOURCE OF ACQUISITION
Source of stock number/acquisition HPH/Ven
Stock number dpl
082 ## - DEWEY DECIMAL CLASSIFICATION NUMBER
Classification number 920
245 00 - TITLE STATEMENT
Title Dr. Rajendra Prasad /
Statement of responsibility, etc edited by M.A.Khan [and] N.P.Sharma
260 ## - PUBLICATION, DISTRIBUTION, ETC. (IMPRINT)
Place of publication, distribution, etc New Delhi
Name of publisher, distributor, etc Himalaya Books
Date of publication, distribution, etc 2011
270 ## - ADDRESS
Address "Pooja Apartments", 4-B, Murari Lal Street, Ansari Road, Darya Ganj,
City New Delhi
Postal code 110002
300 ## - PHYSICAL DESCRIPTION
Extent 356p.
Dimensions 22cm (Hb)
490 ## - SERIES STATEMENT
Series statement Biographies ; edited by M.H. Syed
500 ## - GENERAL NOTE
General note Includes bibliographical references and index
700 ## - ADDED ENTRY--PERSONAL NAME
Personal name Khan, M.A.
9 (RLIN) 37600
700 ## - ADDED ENTRY--PERSONAL NAME
Personal name Sharma, N.P.
9 (RLIN) 37601
942 ## - ADDED ENTRY ELEMENTS (KOHA)
Source of classification or shelving scheme Dewey Decimal Classification
Item type English Books
Call number suffix PRA
Classification part 920
Holdings
Withdrawn status Lost status Not for loan Collection code Home library Current library Date acquired Source of acquisition Cost, normal purchase price Full call number Barcode Copy number Cost, replacement price Koha item type
      Non-fiction Central Library Central Library 11/06/2013 Mallika Books/109/28.03.2013/205/22.03.2013/28.03.2013 650.00 920 PRA B-519624 1 650.00 English Books
      Non-fiction Central Library Central Library 29/10/2013 HPH/A443489/09.03.2013/170/09.03.2013/15.03.2013 650.00 920 PRA B-495455 1 650.00 English Books
    Not For Loan Non-fiction D.B.Act.Division D.B.Act.Division 26/12/2011 DBAD / PUB 650.00 920 PRA EN-88047 1 650.00 English Books
      Non-fiction Janak Puri Janak Puri 11/06/2013 Mallika Books/109/28.03.2013/205/22.03.2013/28.03.2013 650.00 920 PRA B-519622 1 650.00 English Books
      Non-fiction Janak Puri Janak Puri 29/10/2013 HPH/A443489/09.03.2013/170/09.03.2013/15.03.2013 650.00 920 PRA B-495457 1 650.00 English Books
      Non-fiction Karol Bagh Karol Bagh 11/06/2013 Mallika Books/109/28.03.2013/205/22.03.2013/28.03.2013 650.00 920 PRA B-519623 1 650.00 English Books
      Non-fiction Karol Bagh Karol Bagh 29/10/2013 HPH/A443489/09.03.2013/170/09.03.2013/15.03.2013 650.00 920 PRA B-495458 1 650.00 English Books
      Non-fiction Kasturba Gandhi Marg Kasturba Gandhi Marg 11/06/2013 Mallika Books/109/28.03.2013/205/22.03.2013/28.03.2013 650.00 920 PRA B-519619 1 650.00 English Books
      Non-fiction Patel Nagar Patel Nagar 11/06/2013 Mallika Books/109/28.03.2013/205/22.03.2013/28.03.2013 650.00 920 PRA B-519618 1 650.00 English Books
      Non-fiction Patel Nagar Patel Nagar 29/10/2013 HPH/A443489/09.03.2013/170/09.03.2013/15.03.2013 650.00 920 PRA B-495456 1 650.00 English Books
  Written-off vide DLB M. No. 383 dt 16.05.19   Non-fiction Peshwa Road Peshwa Road 11/06/2013 Mallika Books/109/28.03.2013/205/22.03.2013/28.03.2013 650.00 920 PRA B-519620 1 650.00 English Books
      Non-fiction Tri Nagar Tri Nagar 11/06/2013 Mallika Books/109/28.03.2013/205/22.03.2013/28.03.2013 650.00 920 PRA B-519621 1 650.00 English Books

© Delhi Public Library
Hit Counter
free hit counter